000 00375nam a2200145Ia 4500
008 231129s1981||||xx |||||||||||||| ||spa||
020 _a84-02-08082-0
040 _bspa
082 _aF843 M268d
100 _aManchette J.P.
245 0 _aDejad que los cadaveres se bronceen
260 _c1981
264 _aBruguera
942 _2ddc
_cBKS
999 _c8881
_d8881